[Event "80. C.to Provinciale VE"]
[Site "Mestre Capablanca  ITA"]
[Date "2020.02.09"]
[Round "4.2"]
[White "Marson, Eva Jane"]
[Black "Schiavo, Marco"]
[Result "0-1"]
[WhiteElo "1308"]
[BlackElo "1805"]
[Annotator "Gabriele Ballarin"]
[PlyCount "102"]
[EventDate "2020.02.07"]
[EventType "swiss"]
[EventRounds "5"]
[EventCountry "ITA"]

1. e4 c6 2. d4 d5 3. exd5 cxd5 4. Nc3 Bf5 5. Bf4 Nc6 6. Bb5 e6 7. Nf3 Nf6 8. O-O Be7 9. Ne5 Qc8 10. Qd2 O-O 11. Bxc6 bxc6 12. Na4 Ne4 13. Qe1 c5 14. f3 Nf6 15. c3 cxd4 16. cxd4 Qa6 17. Nc3 Rfd8 18. Rc1 Ne8 19. Qe2 Qxe2 20. Nxe2 Rdc8 21. Nc6 Bf8 22. Ng3 Bd3 23. Rfe1 Bb5 24. Ne5 f6 25. Ng4 Kf7 26. Ne2 Bxe2 27. Rxe2 Rxc1+ 28. Bxc1 Rc8 29. Bf4 Rc4 30. Bb8 Rxd4 31. Bxa7 Ra4 32. Be3 Rxa2 33. Kf1 Ba3 34. bxa3 Rxa3 35. Nf2 e5 36. Ke1 Nd6 37. Bc5 Ra1+ 38. Nd1 Nc4 39. h4 f5 40. g4 fxg4 41. fxg4 Ke6 42. Bd4 Rb1 43. Bc3 Kd6 44. h5 d4 45. Bd2 Kd5 46. h6 gxh6 47. Bxh6 e4 48. Rh2 e3 49. Bg5 d3 50. Rxh7 e2 51. Rd7+ Nd6 0-1

[Event "80. C.to Provinciale VE"]
[Site "Mestre Capablanca  ITA"]
[Date "2020.02.09"]
[Round "4.3"]
[White "Grillo, Gianluca"]
[Black "Marson, Roy"]
[Result "0-1"]
[WhiteElo "1339"]
[BlackElo "1503"]
[Annotator "Gabriele Ballarin"]
[PlyCount "58"]
[EventDate "2020.02.07"]
[EventType "swiss"]
[EventRounds "5"]
[EventCountry "ITA"]

1. Nf3 Nc6 2. g3 d5 3. Bg2 e5 4. d3 Nf6 5. O-O Bc5 6. Nbd2 h6 7. c3 e4 8. Ne1 e3 9. fxe3 Bxe3+ 10. Kh1 Ng4 11. Qb3 Nf2+ 12. Rxf2 Bxf2 13. Qxd5 Qxd5 14. Bxd5 Bxe1 15. Nf3 Bf2 16. Bf4 Bb6 17. a4 a5 18. d4 O-O 19. g4 Bxg4 20. Rg1 Bxf3+ 21. exf3 Kh7 22. Be4+ f5 23. Bd5 Rad8 24. Bc4 g6 25. Rg3 Nxd4 26. Rh3 h5 27. Be5 Nc6 28. Bg3 Rd1+ 29. Kg2 Rg1# 0-1

[Event "80. C.to Provinciale VE"]
[Site "Mestre Capablanca  ITA"]
[Date "2020.02.09"]
[Round "4.4"]
[White "Rizzo, Nicodemo"]
[Black "De Bianchi, Asia"]
[Result "1/2-1/2"]
[WhiteElo "1512"]
[BlackElo "1527"]
[Annotator "Gabriele Ballarin"]
[PlyCount "65"]
[EventDate "2020.02.07"]
[EventType "swiss"]
[EventRounds "5"]
[EventCountry "ITA"]

1. d4 Nf6 2. c4 e6 3. Nc3 Bb4 4. Bd2 Bxc3 5. Bxc3 O-O 6. Nf3 b6 7. e3 Bb7 8. Be2 d6 9. O-O Nbd7 10. Rc1 Rc8 11. a3 c5 12. b3 cxd4 13. Nxd4 a6 14. Nf3 Nc5 15. Nd2 h6 16. Bb2 d5 17. b4 Ncd7 18. cxd5 Nxd5 19. Bf3 Rxc1 20. Qxc1 Qc8 21. Qa1 N5f6 22. Rc1 Qa8 23. Rc7 Bxf3 24. Nxf3 Rc8 25. Qc1 Rxc7 26. Qxc7 Qe4 27. Qc1 b5 28. h3 Qc4 29. Nd2 Qe2 30. Qc8+ Kh7 31. Qc2+ Kg8 32. Qc8+ Kh7 33. Qc2+ {=} 1/2-1/2

[Event "80. C.to Provinciale VE"]
[Site "Mestre Capablanca  ITA"]
[Date "2020.02.09"]
[Round "4.5"]
[White "Moretto, Gian Franco"]
[Black "Bozzato, Davide"]
[Result "1-0"]
[WhiteElo "1313"]
[BlackElo "1049"]
[Annotator "Gabriele Ballarin"]
[PlyCount "65"]
[EventDate "2020.02.07"]
[EventType "swiss"]
[EventRounds "5"]
[EventCountry "ITA"]

1. e4 e5 2. Nf3 d6 3. d4 exd4 4. Nxd4 c5 5. Bb5+ Bd7 6. Bxd7+ Qxd7 7. Nf3 Nf6 8. Nc3 Nc6 9. O-O Be7 10. Bg5 O-O 11. Bxf6 Rad8 12. Bxe7 Nxe7 13. Qe2 Rfe8 14. Rad1 Ng6 15. h3 h6 16. Rfe1 Nf4 17. Qf1 Re6 18. Nd5 g5 19. Nxf4 gxf4 20. Nh4 Rde8 21. f3 Qa4 22. Rd2 Qc6 23. Qc4 b5 24. Qd5 Qxd5 25. Rxd5 a5 26. Red1 b4 27. Nf5 c4 28. Nxd6 Ra8 29. Nxc4 Rc6 30. Rd8+ Rxd8 31. Rxd8+ Kg7 32. b3 a4 33. Rb8 1-0

[Event "80. C.to Provinciale VE"]
[Site "Mestre Capablanca  ITA"]
[Date "2020.02.09"]
[Round "5.1"]
[White "Schiavo, Marco"]
[Black "Buranelli, Matteo"]
[Result "1-0"]
[WhiteElo "1805"]
[BlackElo "1733"]
[Annotator "Gabriele Ballarin"]
[PlyCount "65"]
[EventDate "2020.02.07"]
[EventType "swiss"]
[EventRounds "5"]
[EventCountry "ITA"]

1. e4 c5 2. c3 d6 3. d4 cxd4 4. cxd4 Nf6 5. Nc3 a6 $2 6. Nf3 e6 7. Bd3 Be7 8. O-O O-O 9. h3 h6 10. Qb3 Nbd7 11. Be3 Qb6 12. Qxb6 Nxb6 13. d5 Nbd7 14. dxe6 fxe6 15. Bc4 Ne5 16. Nxe5 dxe5 17. f3 b5 18. Bb3 Nh5 19. Ne2 Bd7 20. Rfd1 Bc8 21. Rac1 Kf7 22. Rc7 Kf6 23. g4 Nf4 24. Nxf4 exf4 25. Bxf4 Kg6 26. Rxe7 Rxf4 27. Kg2 Rf8 28. Rc1 Rf7 29. Rxf7 Kxf7 30. Rc7+ Kf6 31. f4 Kg6 32. e5 Rb8 33. Bc2# 1-0

[Event "80. C.to Provinciale VE"]
[Site "Mestre Capablanca  ITA"]
[Date "2020.02.09"]
[Round "5.2"]
[White "Santamaita, Fabrizio"]
[Black "Marson, Roy"]
[Result "1/2-1/2"]
[WhiteElo "1664"]
[BlackElo "1503"]
[Annotator "Gabriele Ballarin"]
[PlyCount "107"]
[EventDate "2020.02.07"]
[EventType "swiss"]
[EventRounds "5"]
[EventCountry "ITA"]

1. d4 d5 2. Bf4 Nf6 3. e3 Bf5 4. Bd3 Bxd3 5. Qxd3 Nbd7 6. Nd2 e6 7. Ngf3 c5 8. c3 Be7 9. O-O O-O 10. h3 Qb6 11. Rab1 Bd6 12. Bxd6 Qxd6 13. Rfe1 Rac8 14. a3 Rfd8 15. Rbd1 e5 16. dxe5 Nxe5 17. Nxe5 Qxe5 18. Nf3 Qe4 19. Re2 h6 20. Red2 Qe6 21. Rc2 Rd7 22. Rdc1 Rcd8 23. c4 Qe4 24. Qb3 dxc4 25. Qxc4 b6 26. b4 cxb4 27. axb4 Qe7 28. Nd4 Ne4 29. Nc6 Rd1+ 30. Kh2 Qd6+ 31. f4 Rxc1 32. Rxc1 Re8 33. Ne5 Ng5 34. fxg5 Qxe5+ 35. Qf4 hxg5 36. Qxe5 Rxe5 37. Rc8+ Kh7 38. Rc7 f6 39. Rxa7 Rxe3 40. Rb7 Re6 41. b5 Kg6 42. Kg3 f5 43. Kf3 Kf6 44. g3 g6 45. Rc7 Ke5 46. Rc8 Kd5 47. Rc7 Kd4 48. Rc8 Re3+ 49. Kf2 Rb3 50. Rc6 Rxb5 51. Rxg6 f4 52. gxf4 gxf4 53. Kf3 Rb3+ 54. Kxf4 1/2-1/2

[Event "80. C.to Provinciale VE"]
[Site "Mestre Capablanca  ITA"]
[Date "2020.02.09"]
[Round "5.3"]
[White "De Bianchi, Asia"]
[Black "Moretto, Gian Franco"]
[Result "1-0"]
[WhiteElo "1527"]
[BlackElo "1313"]
[Annotator "Gabriele Ballarin"]
[PlyCount "67"]
[EventDate "2020.02.07"]
[EventType "swiss"]
[EventRounds "5"]
[EventCountry "ITA"]

1. Nf3 Nf6 2. d4 g6 3. c4 Bg7 4. Nc3 O-O 5. e4 d6 6. Be2 e5 7. d5 a5 8. h3 Nh5 9. O-O f5 10. exf5 gxf5 11. Nxe5 Bxe5 12. Bxh5 f4 13. Ne4 Kh8 14. c5 Rg8 15. Bf7 Rg7 16. Be6 Nd7 17. cxd6 cxd6 18. Qf3 b6 19. Bxf4 Bxf4 20. Qxf4 Ne5 21. Bxc8 Qxc8 22. Ng3 Qd7 23. Qf5 Qe7 24. Rac1 Rf8 25. Rc8 Rgf7 26. Rxf8+ Qxf8 27. Qc2 b5 28. Ne4 Rd7 29. Ng5 Qg8 30. f4 h6 31. Ne6 Nf7 32. Qc3+ Kh7 33. Qd3+ Kh8 34. Rf3 1-0

[Event "80. C.to Provinciale VE"]
[Site "Mestre Capablanca  ITA"]
[Date "2020.02.09"]
[Round "5.4"]
[White "Bozzato, Davide"]
[Black "Marson, Eva Jane"]
[Result "0-1"]
[WhiteElo "1049"]
[BlackElo "1308"]
[Annotator "Gabriele Ballarin"]
[PlyCount "118"]
[EventDate "2020.02.07"]
[EventType "swiss"]
[EventRounds "5"]
[EventCountry "ITA"]

1. e4 e5 2. Nf3 Nc6 3. Bb5 d6 4. Bxc6+ bxc6 5. h3 Nf6 6. Nc3 Be7 7. O-O O-O 8. Re1 Be6 9. d4 exd4 10. Nxd4 Bd7 11. Nf3 Re8 12. a3 Be6 13. e5 Nd5 14. Bd2 Rb8 15. b3 dxe5 16. Nxe5 Qd6 17. Nc4 Qd8 18. Na5 Qd7 19. Nc4 Bf6 20. Qf3 Bf5 21. Rac1 Nb6 22. Red1 Nxc4 23. bxc4 Rb2 24. Bg5 Qe6 25. Re1 Qxe1+ 26. Rxe1 Rxe1+ 27. Kh2 Bxg5 28. Qxf5 h6 29. Na4 Rb8 30. Nc5 Be7 31. Na6 Bd6+ 32. g3 Rbe8 33. c5 R8e5 34. Qc8+ Bf8 35. Qxc7 Bxc5 36. Nxc5 Rxc5 37. Qxa7 Rxc2 38. Kg2 Ree2 39. Kf3 c5 40. Qa4 Rxf2+ 41. Ke3 g5 42. Qe8+ Kg7 43. Qe5+ Rf6 44. Kd3 Rc1 45. a4 Kg6 46. a5 Ra6 47. Qb2 Rg1 48. Kc4 Rxg3 49. Kb5 Ra8 50. Qc2+ Kg7 51. Qxc5 Rxh3 52. Qd5 Rb8+ 53. Kc6 Rc8+ 54. Kd7 Rhc3 55. Qb7 R8c5 56. Qb2 Rd5+ 57. Ke7 Rdd3 58. a6 f6 59. a7 Rc7+ $138 0-1

[Event "7.Torneo del Santo A"]
[Site "Padova"]
[Date "2020.02.21"]
[Round "1.1"]
[White "Musso, Alessio"]
[Black "Simonini, Mattia"]
[Result "1-0"]
[WhiteElo "2011"]
[BlackElo "1927"]
[Annotator "Gabriele Ballarin"]
[PlyCount "65"]
[EventDate "2020.02.21"]
[EventType "swiss"]
[EventRounds "3"]
[EventCountry "ITA"]

1. f4 d5 2. Nf3 Nf6 3. e3 c5 4. b3 Nc6 5. Bb2 e6 6. Bb5 Qc7 7. Bxc6+ Qxc6 8. Ne5 Qc7 9. d3 Bd6 10. Nd2 O-O 11. O-O Nd7 12. Nxd7 Bxd7 13. Qg4 f6 14. e4 dxe4 15. Nxe4 e5 16. f5 Bc6 17. Rad1 b5 18. h4 Rac8 19. h5 h6 20. Bc1 Kh8 21. c4 bxc4 22. bxc4 Rfd8 23. Be3 Qe7 24. Rf3 Rb8 25. Rg3 Rg8 26. Qh4 Be8 27. Rg6 Bxg6 28. hxg6 Rgd8 29. g4 Qc7 30. Bxh6 Kg8 31. Be3 Re8 32. Qh7+ Kf8 33. Nxf6 1-0

[Event "7.Torneo del Santo A"]
[Site "Padova"]
[Date "2020.02.21"]
[Round "1.3"]
[White "Buchicchio, Giancarlo"]
[Black "Cervati, Michele"]
[Result "1/2-1/2"]
[WhiteElo "1963"]
[BlackElo "1846"]
[Annotator "Gabriele Ballarin"]
[PlyCount "84"]
[EventDate "2020.02.21"]
[EventType "swiss"]
[EventRounds "3"]
[EventCountry "ITA"]

1. d4 e6 2. Nf3 Nf6 3. g3 d5 4. Bg2 c5 5. c4 Nc6 6. O-O dxc4 7. Ne5 Nxe5 8. dxe5 Qxd1 9. Rxd1 Nd7 10. f4 Rb8 11. a4 Be7 12. Na3 O-O 13. Nxc4 Rd8 14. Nd6 Nf8 15. Be3 Bxd6 16. Rxd6 Rxd6 17. exd6 b6 18. a5 Bb7 19. axb6 axb6 20. Bxb7 Rxb7 21. Ra8 Rd7 22. b4 cxb4 23. Bxb6 f6 24. Bc7 Kf7 25. Rb8 e5 26. f5 h5 27. Rxb4 g6 28. e4 Nh7 29. h4 g5 30. Rb8 gxh4 31. gxh4 Nf8 32. Rd8 Rxd8 33. Bxd8 Nd7 34. Kf2 Nc5 35. Ke3 Nb7 36. Be7 Nc5 37. Bd8 Nb7 38. Bc7 Ke8 39. Kd3 Kd7 40. Kc4 Nxd6+ 41. Bxd6 Kxd6 42. Kb5 Kd7 1/2-1/2

[Event "7.Torneo del Santo A"]
[Site "Padova"]
[Date "2020.02.21"]
[Round "1.4"]
[White "Garau, Francesca"]
[Black "Pleininger, Rudolf"]
[Result "1/2-1/2"]
[WhiteElo "1823"]
[BlackElo "1929"]
[Annotator "Gabriele Ballarin"]
[PlyCount "97"]
[EventDate "2020.02.21"]
[EventType "swiss"]
[EventRounds "3"]
[EventCountry "ITA"]

1. e4 e5 2. Nf3 Nc6 3. Bb5 a6 4. Ba4 Nf6 5. O-O d6 6. Re1 b5 7. Bb3 Be7 8. c3 O-O 9. d4 Bg4 10. d5 Nb8 11. h3 Bxf3 12. Qxf3 c5 13. Nd2 Nbd7 14. Nf1 Re8 15. Ng3 g6 16. a4 Bf8 17. h4 Bg7 18. h5 c4 19. Bc2 Nc5 20. h6 Bf8 21. Bg5 Be7 22. axb5 Nxd5 23. Bxe7 Nxe7 24. Qf6 Ne6 25. bxa6 Nc8 26. Qxd8 Rxd8 27. b4 Nc7 28. Ra5 Rxa6 29. Rea1 Rxa5 30. Rxa5 Nb6 31. Ra7 Nca8 32. Kf1 Rd7 33. Rxd7 Nxd7 34. Ke1 Nab6 35. Kd2 Kf8 36. Nf1 Nf6 37. Ne3 Ke7 38. f3 Ng8 39. Bd1 Nxh6 40. Be2 f5 41. Nxc4 Nxc4+ 42. Bxc4 fxe4 43. fxe4 Ng4 44. Bd5 Kd7 45. c4 Nf6 46. Ke3 Kc7 47. Kf3 Kd7 48. g4 g5 49. Kg3 1/2-1/2

[Event "7.Torneo del Santo A"]
[Site "Padova"]
[Date "2020.02.22"]
[Round "2.1"]
[White "Spacapan, Simon"]
[Black "Musso, Alessio"]
[Result "0-1"]
[WhiteElo "1980"]
[BlackElo "2011"]
[Annotator "Gabriele Ballarin"]
[PlyCount "80"]
[EventDate "2020.02.21"]
[EventType "swiss"]
[EventRounds "3"]
[EventCountry "ITA"]

1. e4 c5 2. Nf3 Nc6 3. d4 cxd4 4. Nxd4 Nf6 5. Nc3 e5 6. Ndb5 d6 7. Bg5 a6 8. Na3 b5 9. Bxf6 Qxf6 10. Nd5 Qd8 11. Bxb5 axb5 12. Nxb5 Qa5+ 13. c3 Kd8 14. Ndc7 Rb8 15. a4 Rb7 16. Nd5 Be6 17. O-O Na7 18. b4 Qa6 19. Na3 Qc6 20. c4 Bxd5 21. exd5 Qc7 22. Rb1 f5 23. c5 dxc5 24. d6 Bxd6 25. Nc4 Ke7 26. bxc5 Bxc5 27. Rxb7 Qxb7 28. Nxe5 Rd8 29. Qc2 Qc8 30. Qc4 Kf6 31. Qf7+ Kxe5 32. Re1+ Kd6 33. Qe7+ Kc6 34. Re6+ Bd6 35. Qf7 Rf8 36. Qe7 Qd7 37. Qxf8 Qxe6 38. Qa8+ Kb6 39. g3 Qe1+ 40. Kg2 Qe4+ 0-1

[Event "7.Torneo del Santo A"]
[Site "Padova"]
[Date "2020.02.22"]
[Round "2.2"]
[White "Pleininger, Rudolf"]
[Black "Buchicchio, Giancarlo"]
[Result "0-1"]
[WhiteElo "1929"]
[BlackElo "1963"]
[Annotator "Gabriele Ballarin"]
[PlyCount "60"]
[EventDate "2020.02.21"]
[EventType "swiss"]
[EventRounds "3"]
[EventCountry "ITA"]

1. e4 c5 2. Nf3 d6 3. d4 cxd4 4. Nxd4 Nf6 5. Nc3 a6 6. h3 e5 7. Nde2 h5 8. Bg5 Be6 9. Qd2 b5 10. a3 Nbd7 11. g3 Nb6 12. O-O-O Nc4 13. Qe1 Qb6 14. Bxf6 gxf6 15. Nd5 Bh6+ 16. Kb1 Bxd5 17. Rxd5 Rc8 18. Nc3 Nxa3+ 19. bxa3 b4 20. Na4 Qc6 21. Bxa6 Qxa6 22. Qxb4 O-O 23. Rxd6 Qe2 24. Rxf6 Qxc2+ 25. Ka1 Bd2 26. Qb2 Qxa4 27. Qxd2 Qxa3+ 28. Qa2 Rc1+ 29. Rxc1 Qxc1+ 30. Qb1 Ra8+ 0-1

[Event "7.Torneo del Santo A"]
[Site "Padova"]
[Date "2020.02.22"]
[Round "2.3"]
[White "Cervati, Michele"]
[Black "Verhoef, Jaap"]
[Result "0-1"]
[WhiteElo "1846"]
[BlackElo "1910"]
[Annotator "Gabriele Ballarin"]
[PlyCount "57"]
[EventDate "2020.02.21"]
[EventType "swiss"]
[EventRounds "3"]
[EventCountry "ITA"]

1. e4 e5 2. Nf3 Nc6 3. Bb5 a6 4. Ba4 d6 5. c3 f5 6. exf5 Bxf5 7. d4 e4 8. Ng5 d5 9. f3 e3 10. f4 Qd6 11. Bxe3 Nh6 12. O-O Ng4 13. Qd2 Be7 14. h3 Nxe3 15. Qxe3 O-O 16. Nd2 Bxg5 17. fxg5 Rae8 18. Qf4 Qg6 19. Qxc7 Qxg5 20. Nf3 Qe3+ 21. Kh2 Bxh3 22. Rae1 Qh6 23. gxh3 Rxe1 24. Rxe1 Rxf3 25. Re8+ Rf8 26. Rxf8+ Kxf8 27. Qc8+ Kf7 28. Qxb7+ Ne7 29. Qxa6 0-1

[Event "7.Torneo del Santo A"]
[Site "Padova"]
[Date "2020.02.22"]
[Round "2.4"]
[White "Simonini, Mattia"]
[Black "Garau, Francesca"]
[Result "1/2-1/2"]
[WhiteElo "1927"]
[BlackElo "1823"]
[Annotator "Gabriele Ballarin"]
[PlyCount "52"]
[EventDate "2020.02.21"]
[EventType "swiss"]
[EventRounds "3"]
[EventCountry "ITA"]

1. d4 d5 2. c4 e6 3. Nc3 c5 4. cxd5 exd5 5. Nf3 Nc6 6. g3 Nf6 7. Bg2 Be7 8. O-O O-O 9. Bg5 cxd4 10. Nxd4 h6 11. Be3 Re8 12. Qa4 Ne5 13. Rad1 Nc4 14. Bc1 Nb6 15. Qb3 Bd7 16. Bf4 Rc8 17. Rc1 Bc6 18. Rfd1 Bd6 19. Bxd6 Qxd6 20. Ndb5 Qb8 21. e3 Red8 22. Rd4 Ne4 23. Rcd1 Nc5 24. Qa3 Na6 25. b3 Bxb5 26. Nxb5 Rc5 1/2-1/2

[Event "7.Torneo del Santo A"]
[Site "Padova"]
[Date "2020.02.22"]
[Round "3.1"]
[White "Musso, Alessio"]
[Black "Buchicchio, Giancarlo"]
[Result "1-0"]
[WhiteElo "2011"]
[BlackElo "1963"]
[Annotator "Gabriele Ballarin"]
[PlyCount "77"]
[EventDate "2020.02.21"]
[EventType "swiss"]
[EventRounds "3"]
[EventCountry "ITA"]

1. f4 c5 2. Nf3 Nf6 3. b3 g6 4. Bb2 Bg7 5. e3 O-O 6. d3 Qa5+ 7. Qd2 Qxd2+ 8. Nbxd2 Nd5 9. Bxg7 Kxg7 10. Kf2 Nc3 11. Ne4 Nxe4+ 12. dxe4 Nc6 13. a3 a5 14. a4 b6 15. Rd1 d6 16. g3 Ba6 17. Bg2 Rac8 18. c4 Rcd8 19. g4 Bb7 20. h4 Bc8 21. Kg3 h5 22. gxh5 gxh5 23. f5 Kh6 24. Bh3 Rg8+ 25. Kf2 f6 26. Ng1 Ne5 27. Nf3 Nxf3 28. Kxf3 Rg7 29. Rhg1 Rdg8 30. Rxg7 Rxg7 31. Bg2 Bb7 32. Kf2 Rg4 33. Bf3 Rg8 34. e5 Bxf3 35. Kxf3 fxe5 36. Ke4 Rg4+ 37. Kd5 Rxh4 38. Ke6 Kg5 39. Rf1 1-0

[Event "7.Torneo del Santo A"]
[Site "Padova"]
[Date "2020.02.22"]
[Round "3.2"]
[White "Verhoef, Jaap"]
[Black "Garau, Francesca"]
[Result "0-1"]
[WhiteElo "1910"]
[BlackElo "1823"]
[Annotator "Gabriele Ballarin"]
[PlyCount "47"]
[EventDate "2020.02.21"]
[EventType "swiss"]
[EventRounds "3"]
[EventCountry "ITA"]

1. e4 c5 2. Nf3 d6 3. d4 cxd4 4. Nxd4 Nf6 5. Nc3 g6 6. Be3 Bg7 7. f3 O-O 8. Qd2 Nc6 9. O-O-O d5 10. Qe1 e5 11. Nxc6 bxc6 12. exd5 cxd5 13. Bg5 Be6 14. Qxe5 h6 15. Bh4 g5 16. Be1 Ne4 17. Qxe4 dxe4 18. Rxd8 Rfxd8 19. Nxe4 Rac8 20. Ba6 Rc6 21. Bb5 Rb6 22. Ba5 Bxb2+ 23. Kb1 Rxb5 24. Bxd8 0-1

[Event "7.Torneo del Santo A"]
[Site "Padova"]
[Date "2020.02.22"]
[Round "3.3"]
[White "Pleininger, Rudolf"]
[Black "Spacapan, Simon"]
[Result "0-1"]
[WhiteElo "1929"]
[BlackElo "1980"]
[Annotator "Gabriele Ballarin"]
[PlyCount "120"]
[EventDate "2020.02.21"]
[EventType "swiss"]
[EventRounds "3"]
[EventCountry "ITA"]

1. e4 c5 2. Nf3 d6 3. d4 cxd4 4. Nxd4 Nf6 5. Nc3 a6 6. h3 e5 7. Nde2 h5 8. Bg5 Be7 9. Bxf6 Bxf6 10. Nd5 Bg5 11. Nec3 Nc6 12. Bd3 Be6 13. a4 g6 14. O-O O-O 15. b4 Ne7 16. Bc4 Rc8 17. Qd3 Kg7 18. b5 axb5 19. axb5 Nxd5 20. Bxd5 Qc7 21. Ra3 Rfd8 22. Rfa1 Kh6 23. R1a2 Rb8 24. Rb3 b6 25. Rba3 Rdc8 26. Na4 Bxd5 27. Qxd5 Qc4 28. Rc3 Qxd5 29. exd5 Rxc3 30. Nxc3 f5 31. Na4 Kg7 32. c4 e4 33. Kf1 Bf6 34. Ke2 Bd4 35. Rd2 Be5 36. c5 bxc5 37. b6 Kf6 38. Rc2 Bd4 39. f3 Ke5 40. fxe4 fxe4 41. Nb2 Bxb2 42. Rxb2 Kxd5 43. Ke3 Kc6 44. Kxe4 Rxb6 45. Rf2 Rb4+ 46. Ke3 Rb3+ 47. Kf4 c4 48. Kg5 Rg3+ 49. Kh4 Rd3 50. Kg5 Rg3+ 51. Kh4 Re3 52. Kg5 Re6 53. Rf8 d5 54. Rd8 Kc5 55. Rc8+ Rc6 56. Re8 c3 57. Re2 Kd4 58. Kf4 c2 59. Rd2+ Kc3 60. Rxc2+ Kxc2 0-1

[Event "7.Torneo del Santo B"]
[Site "Padova"]
[Date "2020.02.21"]
[Round "1.1"]
[White "Panican, Gheorghe"]
[Black "Brini, Dario"]
[Result "1-0"]
[WhiteElo "1893"]
[BlackElo "1732"]
[Annotator "Gabriele Ballarin"]
[PlyCount "89"]
[EventDate "2020.02.21"]
[EventType "swiss"]
[EventRounds "3"]
[EventCountry "ITA"]

1. Nf3 Nf6 2. g3 g6 3. Bg2 Bg7 4. O-O O-O 5. d3 d5 6. Nbd2 c5 7. e4 Nc6 8. Re1 dxe4 9. dxe4 Qc7 10. c3 Rd8 11. Qc2 Nd7 12. Nf1 Nde5 13. Bf4 Bg4 14. Nxe5 Bxe5 15. Be3 b6 16. h3 Be6 17. f4 Bg7 18. Nd2 Bc8 19. e5 Bb7 20. Bf2 Nb8 21. Ne4 Nd7 22. Rad1 Nf8 23. g4 Ne6 24. Bg3 Bxe4 25. Bxe4 Rxd1 26. Rxd1 Rd8 27. Kf2 c4 28. Rxd8+ Qxd8 29. Qe2 Qc7 30. Qe3 Nc5 31. Bc2 Qc6 32. b4 Nb7 33. Be4 Qc8 34. Qd4 Nd8 35. Bd5 b5 36. Qxa7 Ne6 37. Qa8 Qxa8 38. Bxa8 Nc7 39. Bc6 e6 40. Ke3 h5 41. Bh4 hxg4 42. hxg4 Bh6 43. Bd8 Nd5+ 44. Bxd5 exd5 45. g5 1-0

[Event "7.Torneo del Santo B"]
[Site "Padova"]
[Date "2020.02.21"]
[Round "1.2"]
[White "Budyi, Danylo"]
[Black "Di Lascio, Savino"]
[Result "1-0"]
[WhiteElo "1728"]
[BlackElo "1878"]
[Annotator "Gabriele Ballarin"]
[PlyCount "104"]
[EventDate "2020.02.21"]
[EventType "swiss"]
[EventRounds "3"]
[EventCountry "ITA"]

1. d4 Nf6 2. c4 c5 3. Nf3 g6 4. Nc3 cxd4 5. Nxd4 Nc6 6. Nxc6 bxc6 7. e4 Qa5 8. Bd2 Qe5 9. Bd3 g5 10. h3 h5 11. Qc2 Bg7 12. Be3 h4 13. Be2 d6 14. O-O-O Bd7 15. Bf3 Qa5 16. c5 g4 17. hxg4 Nxg4 18. Bxg4 Bxg4 19. f3 Be6 20. cxd6 Rb8 21. dxe7 Kxe7 22. Bd4 Rb4 23. Bxg7 Qg5+ 24. Qd2 Qxg7 25. Qd6+ Kf6 26. Qxb4 Qg5+ 27. Kb1 c5 28. e5+ Qxe5 29. Ne4+ Kg6 30. Qc3 Qxc3 31. Nxc3 Kf5 32. Ne4 c4 33. Rc1 Kf4 34. g3+ Ke5 35. Rxh4 Rg8 36. Re1 Bf5 37. g4 Bg6 38. Kc1 Kf4 39. Nd2 Rc8 40. g5+ Kxg5 41. Rxc4 Rd8 42. Rg1+ Kf6 43. Ne4+ Ke5 44. Rc6 Kf4 45. Nc3 Rd7 46. Rcxg6 fxg6 47. Rxg6 Kxf3 48. Ra6 Re7 49. Kd2 Rd7+ 50. Kc2 Rb7 51. a4 Rc7 52. Kb3 Ke3 1-0

[Event "7.Torneo del Santo B"]
[Site "Padova"]
[Date "2020.02.21"]
[Round "1.3"]
[White "Zanirato, Stefano"]
[Black "Lo Gatto, Riccardo"]
[Result "1-0"]
[WhiteElo "1873"]
[BlackElo "1720"]
[Annotator "Gabriele Ballarin"]
[PlyCount "43"]
[EventDate "2020.02.21"]
[EventType "swiss"]
[EventRounds "3"]
[EventCountry "ITA"]

1. e4 c5 2. Nc3 Nc6 3. g3 g6 4. Bg2 Bg7 5. Nge2 e6 6. d3 Nge7 7. O-O O-O 8. h3 b6 9. f4 d5 10. g4 d4 11. Nb1 b5 12. Nd2 Ba6 13. Nb3 Qb6 14. f5 Be5 15. f6 Nc8 16. Qd2 Kh8 17. Qh6 Rg8 18. g5 c4 19. Bf4 Qd8 20. Bxe5 Nxe5 21. Rf4 Qf8 22. Qxh7+ 1-0

[Event "7.Torneo del Santo B"]
[Site "Padova"]
[Date "2020.02.21"]
[Round "1.4"]
[White "De Paolis, Alex"]
[Black "Feltrin, Francesco"]
[Result "0-1"]
[WhiteElo "1719"]
[BlackElo "1854"]
[Annotator "Gabriele Ballarin"]
[PlyCount "119"]
[EventDate "2020.02.21"]
[EventType "swiss"]
[EventRounds "3"]
[EventCountry "ITA"]

1. e4 c5 2. c3 d5 3. exd5 Qxd5 4. d4 Nc6 5. Nf3 Bg4 6. Be2 cxd4 7. cxd4 e6 8. O-O Nf6 9. h3 Bh5 10. Nc3 Qd8 11. Be3 Be7 12. Qd2 O-O 13. Rfd1 Nd5 14. Nxd5 Qxd5 15. a3 Na5 16. Rab1 Rac8 17. b4 Nc4 18. Bxc4 Rxc4 19. Qe2 Bxf3 20. Qxf3 Qxf3 21. gxf3 a6 22. Rdc1 Rfc8 23. Kf1 Kf8 24. Ke1 Rxc1+ 25. Rxc1 Rxc1+ 26. Bxc1 Bf6 27. Be3 b5 28. Kd2 Ke7 29. Kd3 Kd6 30. Ke4 g6 31. Bf4+ Kc6 32. Be5 Be7 33. f4 f5+ 34. Kd3 Kd5 35. f3 Bh4 36. Bc7 Bf2 37. Be5 Bg3 38. Kc3 g5 39. Kd3 gxf4 40. Bg7 Bf2 41. Be5 Be3 42. Kc3 Kc6 43. Bg7 Kd7 44. Bf6 Ke8 45. Be5 Kf7 46. d5 exd5 47. Bh8 Kg6 48. Bd4 Kg5 49. Bc5 Kh4 50. Kd3 Kxh3 51. Bxe3 fxe3 52. Kxe3 Kg3 53. f4 h5 54. Kd4 h4 55. Kxd5 h3 56. Kc5 h2 57. Kb6 h1=Q 58. Kxa6 Qc6+ 59. Ka5 Kxf4 60. a4 0-1

[Event "7.Torneo del Santo B"]
[Site "Padova"]
[Date "2020.02.21"]
[Round "1.5"]
[White "Palka, Miroslav"]
[Black "Tonon, Lorenzo"]
[Result "1-0"]
[WhiteElo "1854"]
[BlackElo "1713"]
[Annotator "Gabriele Ballarin"]
[PlyCount "77"]
[EventDate "2020.02.21"]
[EventType "swiss"]
[EventRounds "3"]
[EventCountry "ITA"]

1. c4 e6 2. Nc3 d5 3. d4 Nf6 4. Bf4 Bd6 5. Bg3 O-O 6. e3 c6 7. Nf3 Bxg3 8. hxg3 Nbd7 9. Bd3 c5 10. Qc2 h6 11. O-O-O cxd4 12. Nxd4 dxc4 13. Bxc4 Qc7 14. Ncb5 Qc5 15. Nb3 Qg5 16. Rh3 a6 17. f4 Qg4 18. Nd6 e5 19. Be2 Qe6 20. f5 Qe7 21. g4 Nh7 22. Bf3 Ng5 23. Rhh1 Nf6 24. Kb1 e4 25. Be2 b5 26. Rd4 Bb7 27. Rhd1 Rab8 28. Nc5 Ba8 29. Nxa6 Rb6 30. Nc8 Qb7 31. Nxb6 Qxb6 32. Nb4 Bb7 33. Qd2 Qc5 34. a3 Qe5 35. Rd8 Ngh7 36. Qd6 Qxd6 37. R1xd6 g6 38. Rxf8+ Kxf8 39. Rb6 1-0

[Event "7.Torneo del Santo B"]
[Site "Padova"]
[Date "2020.02.21"]
[Round "1.6"]
[White "Di Maulo, Alessandra"]
[Black "Haller, Quentin"]
[Result "1-0"]
[WhiteElo "1711"]
[BlackElo "1849"]
[Annotator "Gabriele Ballarin"]
[PlyCount "55"]
[EventDate "2020.02.21"]
[EventType "swiss"]
[EventRounds "3"]
[EventCountry "ITA"]

1. e4 c6 2. d4 d5 3. Nd2 dxe4 4. Nxe4 Bf5 5. Ng3 Bg6 6. h4 h6 7. Nf3 Nd7 8. h5 Bh7 9. Bd3 Bxd3 10. Qxd3 Ngf6 11. Bd2 e6 12. O-O-O Qc7 13. Ne4 Nxe4 14. Qxe4 Nf6 15. Qe2 O-O-O 16. g3 Bd6 17. c4 c5 18. Bc3 cxd4 19. Nxd4 Qb6 20. Nb3 Qc6 21. Rh4 Bc7 22. Nd4 Qd6 23. Qc2 Bb6 24. a3 Bxd4 25. Rhxd4 Qe7 26. Qe2 Kb8 27. Qe5+ Ka8 28. Bb4 1-0